000 005740000a22001810004500
003 MACL
005 20160120170831.0
008 160120b xxu||||| |||| 00| 0 eng d
040 _aMACL
_cMACL
041 _aHindi
082 _a358.4/GUP
100 _aआर गुप्‍ता कृत
_933777
245 _aइंडियन एअरलाइन्‍स परीक्षा
260 _bरमेश पब्लिशिंग हाउस
_c2003
_aनई दिल्‍ली
350 _a210
650 _aAir Force
_93797
942 _cHIN
_k358.4/GUP
_2ddc
999 _c30530
_d30530